000
00318nam a22001457a 4500
008
230925b ||||| |||| 00| 0 eng d
020
_a
9780521427401
041
_a
eng
080
_a
521
082
_a
521BRO
100
_a
19
101
_a
ASTRO
245
_a
UNDERSTANDING THE EARTH
_c
BROWN.C.G
942
_2
udc
_c
BK
999
_c
60391
_d
60391